00360nam a2200097Ia 4500020001800000082001500018245014200033260004800175300000900223710003000232 a0-903043-09-2 a025.3 STA; 0aStandardization activities of concern to libraries and national bibliographies:an outline of current practices, projects and publications aLondonbIFLA Committee on Cataloguingc1976 a36p. aIFLA International Office